Organizácia vlastnej práce a času - sebariadenie a manažérska etika

V pokračovaní príspevku sa autori venujú návrhom ďalších riešení z praxe vedúcich pedagogických zamestnancov a vedúcich odborných zamestnancov škôl a školských zariadení získaných počas funkčného vzdelávania. Vzory a využívanie nových metód a foriem vyučovania.

Gespeichert in:
Bibliographische Detailangaben
1. Verfasser: Skalská, Elena
Format: Buchkapitel
Sprache:Slowakisch
Schlagworte:
Tags: Tag hinzufügen
Keine Tags, Fügen Sie das erste Tag hinzu!

MARC

LEADER 00000naa a2200000 4500
001 0278790
005 20210929095913.9
041 0 |a slo 
044 |a SK 
245 1 0 |a Organizácia vlastnej práce a času - sebariadenie a manažérska etika  |c Elena Skalská 
520 |a V pokračovaní príspevku sa autori venujú návrhom ďalších riešení z praxe vedúcich pedagogických zamestnancov a vedúcich odborných zamestnancov škôl a školských zariadení získaných počas funkčného vzdelávania. Vzory a využívanie nových metód a foriem vyučovania. 
610 2 0 |a organizácia práce 
610 2 0 |a sebariadenie 
610 2 0 |a etika manažérska 
610 2 0 |a vzdelávanie 
610 2 0 |a vyučovanie 
610 2 0 |a zamestnanci 
610 2 0 |a školstvo 
100 1 |a Skalská, Elena